01761cam a2200349 i 4500001000500000005001700005020001800022020001500040020001800055040011900073050002300192082001000215100002900225245011300254246003800367250001800405260003400423300005600457505000700513520048700520521001701007521001701024650007301041650006201114650005501176650002601231650001501257650003401272655003201306655003801338700003501376216220231108083557.0 a9780763658557 a0763658553 a9780545847216 aFOLLTbengcFOLLTerdadFOLLTdJQMdOCLCAdYDXCPdBDXdBTCTAdXY4dOCLCOdZACdVP@dMUSdGZIdUBYdCZLdOCLCOdDLC00aTK140.T4bR87 2013 a621.31 aRusch, Elizabetheauthor10aElectrical wizard :bhow Nikola Tesla lit up the world /cElizabeth Rusch ; illustrated by Oliver Dominguez.30aHow Nikola Tesla lit up the world aFirst edition aNew York :bScholastic,c2013 a39 unnumbered pages :bcolor illustrations ;c30 cm aO  aHere is the story of the ambitious young man who brought life-changing ideas to America, despite the obstructive efforts of his hero-turned-rival, Thomas Edison. From using alternating current, to lighting up the Chicago World's Fair, to harnessing Niagara to electrify New York City and beyond, Nikola Tesla was a revolutionary ahead of his time. Remote controls, fluorescent lights, X-rays, speedometers, cell phones, even the radio -- all resulted from Nikola Tesla's inventions. a840 bLexile aO bRaz-Plus 0aElectrical engineerszUnited StatesvBiographyvJuvenile literature. 0aInventorszUnited StatesvBiographyvJuvenile literature. 0aSerbian AmericansvBiographyvJuvenile literature. 1aElectrical engineers. 1aInventors. 1aSerbian-AmericansvBiography. 0aPicture books for children. 7aPicture books for children.2lcsh1 aDominguez, Olivereillustrator